[Event "Niteroi op 3rd"]
[Site "Niteroi"]
[Date "2023.09.05"]
[Round "2"]
[White "Aranha Filho, Alvaro Zimmermann"]
[Black "Trombini, Fabio"]
[Result "1/2-1/2"]
[WhiteElo "2205"]
[BlackElo "1868"]
[PlyCount "145"]
[EventDate "2023.09.04"]
[EventType "swiss"]
[EventRounds "9"]
[EventCountry "BRA"]
[SourceTitle "CBM 216 Extra"]
[Source "ChessBase"]
[SourceDate "2023.11.30"]
[SourceVersion "1"]
[SourceVersionDate "2023.11.30"]
[SourceQuality "1"]

1. d4 d5 2. c4 e6 3. Nc3 Nf6 4. cxd5 exd5 5. Bg5 c6 6. Qc2 Be7 7. e3 0-0 8. Bd3 Nbd7 9. Nge2 Re8 10. 0-0 Nf8 11. f3 Be6 12. Rad1 Qd7 13. Na4 Rad8 14. e4 dxe4 15. fxe4 h6 16. Bc1 Bg4 17. h3 Bh5 18. e5 Nd5 19. Bf5 Bg6 20. g4 Nb4 21. Qb1 Bxf5 22. gxf5 c5 23. b3 cxd4 24. Rxd4 Qc8 25. Rc4 Qb8 26. f6 Bxf6 27. exf6 Rxe2 28. Bf4 Qa8 29. Nc3 b5 30. Nxe2 bxc4 31. fxg7 Ng6 32. Qf5 Qd5 33. Qxd5 Nxd5 34. Bxh6 cxb3 35. axb3 Kh7 36. Rxf7 Kxh6 37. Rd7 Rb8 38. Rxd5 Kxg7 39. Rd7+ Kh6 40. Nd4 Rb4 41. Kf2 a5 42. Kg3 a4 43. h4 Nxh4 44. bxa4 Rxa4 45. Kxh4 Kg6 46. Kg4 Kf6 47. Kf4 Ra5 48. Rd6+ Kf7 49. Nc6 Ra4+ 50. Nd4 Ra5 51. Nf5 Ra1 52. Ng3 Rb1 53. Ne4 Ra1 54. Rd5 Ke6 55. Re5+ Kd7 56. Rc5 Re1 57. Ke5 Ke7 58. Rc7+ Kd8 59. Rh7 Kc8 60. Kd5 Rd1+ 61. Kc6 Rc1+ 62. Nc5 Kd8 63. Rb7 Ke8 64. Kd6 Rd1+ 65. Ke5 Re1+ 66. Ne4 Kd8 67. Rh7 Kc8 68. Kd5 Rd1+ 69. Kc4 Rc1+ 70. Nc3 Kd8 71. Kd4 Ke8 72. Nd5 Rd1+ 73. Kc5 1/2-1/2

[Event "Niteroi op 3rd"]
[Site "Niteroi"]
[Date "2023.09.05"]
[Round "3"]
[White "Okamura, Milton Kasuo"]
[Black "Aranha Filho, Alvaro Zimmermann"]
[Result "0-1"]
[WhiteElo "1966"]
[BlackElo "2205"]
[PlyCount "53"]
[EventDate "2023.09.04"]
[EventType "swiss"]
[EventRounds "9"]
[EventCountry "BRA"]
[SourceTitle "CBM 216 Extra"]
[Source "ChessBase"]
[SourceDate "2023.11.30"]
[SourceVersion "1"]
[SourceVersionDate "2023.11.30"]
[SourceQuality "1"]

1. d4 Nf6 2. c4 e6 3. Nc3 Bb4 4. e3 0-0 5. Bd3 d5 6. a3 Bxc3+ 7. bxc3 dxc4 8. Bxc4 c5 9. Ne2 Qc7 10. Ba2 Nc6 11. 0-0 e5 12. d5 Rd8 13. f3 e4 14. fxe4 Ne5 15. Rf4 Bg4 16. Qc2 Bxe2 17. Qxe2 Ng6 18. Rxf6 gxf6 19. Bb2 Ne5 20. c4 Rd6 21. Rf1 Rb6 22. Rf4 Kf8 23. Rh4 Rxb2 24. Qxb2 Qa5 25. Qe2 Qxa3 26. Rxh7 Qc1+ 27. Kf2 0-1